Joueurs français convoqués au Six Nations 2024 - Statistiques

Statistiques générales
  • Ce quiz a été pris 60 fois
  • Le résultat moyen est 21 sur 34
Statistiques - réponses
Poste Nom Prénom % Correct
Ailier Damian Penaud
93%
Demi de mêlée Maxime Lucu
91%
Demi d'ouverture Matthieu Jalibert
89%
Talonneur Peato Mauvaka
89%
Centre Gaël Fickou
87%
Arrière Thomas Ramos
87%
Pilier droit Uini Atonio
87%
Pilier gauche Cyril Baille
82%
Ailier Louis Bielle-Biarrey
82%
Talonneur Julien Marchand
80%
Troisième-ligne François Cros
76%
Troisième-ligne Grégory Alldritt
76%
Centre Jonathan Danty
76%
Demi de mêlée Nolann Le Garrec
76%
Troisième-ligne Charles Ollivon
73%
Centre Yoram Moefana
73%
Troisième-ligne Anthony Jelonch
64%
Pilier droit Dorian Aldegheri
62%
Arrière Melvyn Jaminet
62%
Deuxième-ligne Cameron Woki
60%
Deuxième-ligne Romain Taofifenua
60%
Pilier gauche Sébastien Taofifenua
60%
Pilier gauche Reda Wardi
58%
Deuxième-ligne Emmanuel Meafou
51%
Centre Nicolas Depoortere
49%
Demi d'ouverture Antoine Gibert
44%
Ailier Émilien Gailleton
44%
Talonneur Gaëtan Barlot
38%
Troisième-ligne Paul Boudehent
36%
Ailier Matthis Lebel
33%
Deuxième-ligne Paul Gabrillagues
29%
Pilier droit Thomas Laclayat
29%
Troisième-ligne Esteban Abadie
13%
Deuxième-ligne Matthias Halagahu
11%
Aucun quiz correspondant
Distribution des résultats
% des personnes avec chaque résultat
Percentile par nombre de réponses
Votre historique - résultats
Vous n’avez pas pris ce quiz